[Event "Online Olym Div4 E"]
[Site "Chess.com INT"]
[Date "2020.08.02"]
[Round "8.4"]
[White "Gontcharov, Dimitri"]
[Black "Miller Canales, Marlon Mitchell"]
[Result "0-1"]
[WhiteElo "1448"]
[BlackElo "2092"]
[PlyCount "86"]
[EventDate "2020.07.31"]
[EventType "team-tourn (rapid)"]
[EventRounds "9"]
[EventCountry "USA"]
[SourceTitle "CBM 198"]
[Source "ChessBase"]
[SourceDate "2020.10.31"]
[SourceVersion "1"]
[SourceVersionDate "2020.10.31"]
[SourceQuality "1"]
[WhiteTeam "Bermuda"]
[BlackTeam "Honduras"]
[WhiteTeamCountry "BER"]
[BlackTeamCountry "HON"]

1. e4 e6 2. d4 d5 3. e5 c5 4. c3 Nc6 5. Nf3 Bd7 6. Bd3 Rc8 7. dxc5 Bxc5 8. 0-0 Nge7 9. b4 Bb6 10. Na3 a6 11. b5 Na5 12. Bd2 Nc4 13. Qb3 axb5 14. Nxb5 0-0 15. a4 Nc6 16. Bf4 N6a5 17. Qd1 Bxb5 18. axb5 f5 19. Ng5 Qd7 20. Rb1 Na3 21. Rc1 N5c4 22. Qb3 h6 23. Nf3 Qxb5 24. Bxc4 Qxc4 25. Qxb6 Qxf4 26. Qxe6+ Kh7 27. Qe7 Nc4 28. Rfe1 Rce8 29. Qxb7 Nxe5 30. Qxd5 Nxf3+ 31. Qxf3 Qxf3 32. gxf3 Rc8 33. Re3 Rc4 34. Kg2 Rd8 35. Kg3 f4+ 36. Kg2 fxe3 37. fxe3 Rd2+ 38. Kg3 Rd3 39. e4 Rdxc3 40. Rxc3 Rxc3 41. e5 Kg6 42. Kf4 Kf7 43. Ke4 Ke6 0-1

[Event "HON-ch qual1"]
[Site "San Pedro Sula"]
[Date "2019.11.20"]
[Round "5"]
[White "Caballero Sanabria, Danery"]
[Black "Miller Canales, Marlon Mitchell"]
[Result "0-1"]
[WhiteElo "1354"]
[BlackElo "1774"]
[PlyCount "44"]
[EventDate "2019.11.18"]
[EventType "swiss"]
[EventRounds "7"]
[EventCountry "HON"]
[SourceTitle "EXT 2021"]
[Source "ChessBase"]
[SourceDate "2020.10.23"]
[SourceVersion "1"]
[SourceVersionDate "2020.10.23"]
[SourceQuality "1"]

1. e4 c6 2. d4 d5 3. exd5 Qxd5 4. Nf3 Bg4 5. Be2 Nf6 6. Nc3 Qa5 7. 0-0 e6 8. Bd2 Qc7 9. Re1 Bd6 10. h3 Bh5 11. Bd3 Nbd7 12. Ne4 Nxe4 13. Bxe4 Nf6 14. Bd3 Bf4 15. Be2 0-0-0 16. c3 g5 17. g3 Bxg3 18. Bxg5 Ne4 19. Bxd8 Bxf2+ 20. Kh1 Qg3 21. Bh4 Bxf3+ 22. Bxf3 Qxh3# 0-1

[Event "Olympiad-43"]
[Site "Batumi"]
[Date "2018.09.27"]
[Round "4.57"]
[White "Miller Canales, Marlon Mitchell"]
[Black "Koniahli, Malek"]
[Result "1-0"]
[WhiteElo "2028"]
[BlackElo "2328"]
[PlyCount "77"]
[EventDate "2018.09.24"]
[EventType "team-swiss"]
[EventRounds "11"]
[EventCountry "GEO"]
[SourceTitle "CBM 187"]
[Source "ChessBase"]
[SourceDate "2018.12.11"]
[SourceVersion "1"]
[SourceVersionDate "2018.12.11"]
[SourceQuality "1"]
[WhiteTeam "Honduras"]
[BlackTeam "Syria"]
[WhiteTeamCountry "HON"]
[BlackTeamCountry "SYR"]

1. d4 Nf6 2. Nf3 g6 3. Bg5 Bg7 4. Nbd2 d5 5. e3 c5 6. c3 Nc6 7. Bd3 0-0 8. 0-0 h6 9. Bh4 Bg4 10. Qb1 Nd7 11. e4 cxd4 12. exd5 dxc3 13. bxc3 Nce5 14. Be2 Nxf3+ 15. gxf3 Bh3 16. Rc1 Nb6 17. c4 Qd7 18. Qb3 Bxa1 19. Rxa1 Bf5 20. a4 Rae8 21. Ne4 Nc8 22. c5 Rd8 23. Rd1 Bxe4 24. fxe4 Qc7 25. Qc4 Qd7 26. Bg3 e6 27. d6 Qc6 28. Qd4 e5 29. Bxe5 b6 30. Bh8 f6 31. Bxf6 Qxc5 32. Bc4+ Kh7 33. Qxc5 bxc5 34. Bxd8 Rxd8 35. e5 Kg7 36. Rd5 g5 37. a5 Kg6 38. Rxc5 Kf5 39. Ba6 1-0

[Event "Olympiad-43"]
[Site "Batumi"]
[Date "2018.09.24"]
[Round "1.33"]
[White "Miller Canales, Marlon Mitchell"]
[Black "Brunello, Sabino"]
[Result "0-1"]
[WhiteElo "2028"]
[BlackElo "2552"]
[PlyCount "58"]
[EventDate "2018.09.24"]
[EventType "team-swiss"]
[EventRounds "11"]
[EventCountry "GEO"]
[SourceTitle "CBM 187"]
[Source "ChessBase"]
[SourceDate "2018.12.11"]
[SourceVersion "1"]
[SourceVersionDate "2018.12.11"]
[SourceQuality "1"]
[WhiteTeam "Honduras"]
[BlackTeam "Italy"]
[WhiteTeamCountry "HON"]
[BlackTeamCountry "ITA"]

1. c4 e5 2. Nc3 d6 3. g3 f5 4. Bg2 Nf6 5. e3 c6 6. Nge2 Be6 7. d3 Nbd7 8. Rb1 g6 9. b4 d5 10. cxd5 cxd5 11. Qb3 Nb6 12. a4 Bf7 13. d4 e4 14. 0-0 Rc8 15. Bd2 Nc4 16. Rfd1 g5 17. Be1 h5 18. a5 Bd6 19. a6 b6 20. Nb5 Bb8 21. Na3 h4 22. Nxc4 Rxc4 23. b5 Bh5 24. Rd2 Qc8 25. Rbb2 f4 26. exf4 gxf4 27. Nxf4 Bxf4 28. gxf4 Rg8 29. Kh1 Rxg2 0-1